=LDR 00000nam 2200000 4500 =001 INLIS000000000036143 =005 20250603011421 =035 ##$$a 0010-061300000036143 =008 250603################d##########1#ind## =041 ##$$a Ind =082 ##$$a 028.5 =090 ##$$a F Rom K, Jau m =100 #$$a Taman Jauhar =245 1#$$a Mendadak pahlawan Garuk Ranger /$c Taman Jauhar ; editor, Rara Nugraha =260 ##$$a Jakarta :$b Idola Qta',$c 2010 =300 ##$$a 146 hlm : $b llus ; $c 20 x 14 cm =650 #4$$a Fiksi Kanak-kanak =850 ##$$a NBPNMAT =084 ##$$a 028.5 TAM m =710 #$$a Nugraha, Rara =020 ##$$a 978-979-22-6014-4 =990 ##$$a 0001/BPAP-NTB/20142015 =990 ##$$a 21100756 =990 ##$$a 21100755 =990 ##$$a 21100757 =990 ##$$a 21113330 =990 ##$$a 21100756 =990 ##$$a 21100755 =990 ##$$a 21100757